<?xml version="1.0" encoding="UTF-8"?>
<marc:record xmlns:marc="http://www.loc.gov/MARC21/slim">
   <marc:leader>00000nam a2200000 a 4500</marc:leader>
   <marc:datafield ind1="1" ind2=" " tag="100">
      <marc:subfield code="a">Faust, Christine</marc:subfield>
      <marc:subfield code="4">art</marc:subfield>
      <marc:subfield code="e">Künstler/-in</marc:subfield>
   </marc:datafield>
   <marc:datafield ind1="1" ind2=" " tag="100">
      <marc:subfield code="a">Grimm, Sandra</marc:subfield>
      <marc:subfield code="4">aut</marc:subfield>
      <marc:subfield code="e">Verfasser/-in</marc:subfield>
   </marc:datafield>
   <marc:datafield ind1=" " ind2=" " tag="653">
      <marc:subfield code="a">Softcover / Kinder- und Jugendbücher/Bilderbücher/Pappbilderbücher</marc:subfield>
   </marc:datafield>
   <marc:datafield ind1=" " ind2=" " tag="653">
      <marc:subfield code="a">Fühlbilderbücher</marc:subfield>
   </marc:datafield>
   <marc:datafield ind1=" " ind2=" " tag="653">
      <marc:subfield code="a">Bilderbuch</marc:subfield>
   </marc:datafield>
   <marc:datafield ind1=" " ind2=" " tag="653">
      <marc:subfield code="a">Pappbilderbücher mit und ohne Zusatzteile</marc:subfield>
   </marc:datafield>
   <marc:datafield ind1="0" ind2="0" tag="245">
      <marc:subfield code="a">Hör hin, spiel mit! - Fahrzeuge</marc:subfield>
   </marc:datafield>
   <marc:datafield ind1="0" ind2="0" tag="245">
      <marc:subfield code="c">Illustration: Christine Faust ; Text: Sandra Grimm</marc:subfield>
   </marc:datafield>
   <marc:datafield ind1=" " ind2="1" tag="264">
      <marc:subfield code="a">Ravensburg</marc:subfield>
      <marc:subfield code="b">Ravensburger</marc:subfield>
      <marc:subfield code="c">2021</marc:subfield>
   </marc:datafield>
   <marc:datafield ind1="1" ind2=" " tag="490">
      <marc:subfield code="a">Mein Puzzle-Soundbuch</marc:subfield>
   </marc:datafield>
   <marc:datafield ind1="1" ind2=" " tag="520">
      <marc:subfield code="a">Angaben aus der Verlagsmeldung

Hör hin, spiel mit! Mein Puzzle-Soundbuch. Fahrzeuge / von Sandra Grimm

Komm mit und entdecke die spannende Welt der Fahrzeuge. Weißt du, welche Geräusche sie machen? Und welches Fahrzeug wo gebraucht wird?

Folgende Puzzleteile und Geräusche sind in diesem Buch enthalten:
- Wer hupt fröhlich zur Begrüßung? – Das ist das kleine gelbe Auto.
- Wer tuckert gemütlich übers Feld? – Natürlich der Traktor.
- Wer gräbt brummend das Loch für die Rohre? – Das ist der Bagger.
- Wer fährt mit lautem Tatütata zum Einsatz? – Na klar, das Polizeiauto!

Die Lautstärke der Geräusche ist an das empfindliche Gehör von Kleinkindern angepasst. Zusätzlich lässt sich die Soundfunktion auf der Rückseite des Buches an- und ausschalten.
Das Buch ist sofort einsatzbereit – es enthält drei für Kinder nicht zugängliche Knopfbatterien, die bei Bedarf nur mit Hilfe eines Kreuzschraubendrehers ausgetauscht werden können.
</marc:subfield>
   </marc:datafield>
   <marc:datafield ind1=" " ind2=" " tag="020">
      <marc:subfield code="a">9783473439928</marc:subfield>
      <marc:subfield code="9">9783473439928</marc:subfield>
   </marc:datafield>
   <marc:datafield ind1=" " ind2=" " tag="020">
      <marc:subfield code="a">3473439924</marc:subfield>
      <marc:subfield code="9">3473439924</marc:subfield>
   </marc:datafield>
</marc:record>
